| 000 | 00467cam a22001337a 4500 | ||
|---|---|---|---|
| 008 | 180718b1980 xxu||||| |||| 00| 0 eng d | ||
| 082 | _aU6x54 V919 | ||
| 100 | _aVirmani, M.R. | ||
| 245 |
_aProfitability, accountability and social responsibility of public enterprises _cby M.R. Virmani |
||
| 260 |
_aDelhi _bCentre for Public Sector Studies _c1980 |
||
| 300 | _a214p. | ||
| 650 | _aGovernment business enterprises - India | ||
| 650 | _aPublic sector enterprises - India | ||
| 999 |
_c356045 _d356045 |
||